[Event "IBCA-ol blind 13th"]
[Site "Heraklion"]
[Date "2008.10.25"]
[Round "6.3"]
[White "Hengles, Roberto Carlos"]
[Black "Caliskan, Halil"]
[Result "1-0"]
[WhiteElo "1976"]
[BlackElo "1400"]
[PlyCount "59"]
[EventDate "2008.10.19"]
[EventType "team-swiss"]
[EventRounds "9"]
[EventCountry "GRE"]
[SourceTitle "EXT 2010"]
[Source "ChessBase"]
[SourceDate "2010.11.25"]
[SourceVersion "1"]
[SourceVersionDate "2010.11.25"]
[SourceQuality "1"]
[WhiteTeam "Brazil (blind)"]
[BlackTeam "Turkey (blind)"]
[WhiteTeamCountry "BRA"]
[BlackTeamCountry "TUR"]

1. e4 e5 2. Nf3 Nc6 3. d4 exd4 4. Bc4 d6 5. Nxd4 Nxd4 6. Qxd4 Qe7 7. Nc3 c6 8. 0-0 Be6 9. Bf4 Bxc4 10. Qxc4 Nf6 11. Rfe1 Qd7 12. e5 dxe5 13. Rxe5+ Be7 14. Rae1 0-0 15. Rxe7 Rae8 16. Rxe8 Rxe8 17. Rxe8+ Qxe8 18. Qe2 Qe7 19. Qd3 Qe6 20. Be3 a6 21. h3 h6 22. a3 g5 23. Qd8+ Kh7 24. Bd4 Nh5 25. Qh8+ Kg6 26. Qg8+ Kf5 27. g4+ Kf4 28. gxh5 Qxh3 29. Qxf7+ Kg4 30. Qe6+ 1-0

[Event "IBCA-ol blind 13th"]
[Site "Heraklion"]
[Date "2008.10.22"]
[Round "4.3"]
[White "Bagayatkar, Madan"]
[Black "Caliskan, Halil"]
[Result "1-0"]
[WhiteElo "1910"]
[BlackElo "1400"]
[PlyCount "41"]
[EventDate "2008.10.19"]
[EventType "team-swiss"]
[EventRounds "9"]
[EventCountry "GRE"]
[SourceTitle "EXT 2010"]
[Source "ChessBase"]
[SourceDate "2010.11.25"]
[SourceVersion "1"]
[SourceVersionDate "2010.11.25"]
[SourceQuality "1"]
[WhiteTeam "India (blind)"]
[BlackTeam "Turkey (blind)"]
[WhiteTeamCountry "IND"]
[BlackTeamCountry "TUR"]

1. e4 e5 2. Nf3 Nc6 3. Bc4 Nf6 4. Ng5 d5 5. exd5 Nxd5 6. Nxf7 Qd7 7. Nxh8 Nce7 8. Qf3 Qe6 9. Nc3 c6 10. 0-0 Bd7 11. d3 0-0-0 12. Nf7 Re8 13. Bd2 Qf6 14. Qxf6 gxf6 15. Nd6+ Kc7 16. Nxe8+ Bxe8 17. Nxd5+ cxd5 18. Bxd5 Nf5 19. Be4 Nh4 20. Bxh7 f5 21. Bg5 1-0